Nīshtimān : mūsīqá Kurdī = Nishteman : Kurdish music /

Saved in:
Bibliographic Details
Main Author: Pūr Niẓārī, Kaykhusraw.
Corporate Author: Shams Ensemble.
Format: Audio
Language:Kurdish
Published: [Tehran] : Mihrʹpūyān Navā, [200-?]
Subjects:
Tags: Add Tag
No Tags, Be the first to tag this record!
LEADER 01037njm a2200289 a 4500
001 009698293-4
005 20051025160044.0
008 960423s200u ir zzn d | kur d
035 0 |a ocm62515570 
040 |a HMU  |c HMU 
100 1 |a Pūr Niẓārī, Kaykhusraw. 
245 1 0 |a Nīshtimān :  |h [sound recording] :  |b mūsīqá Kurdī = Nishteman : Kurdish music /  |c Kaykhusraw Pūr Niẓārī [composer] ; Shams Ensemble. 
246 3 0 |a Mūsīqá Kurdī 
246 1 1 |a Nishteman :  |b Kurdish music 
260 |a [Tehran] :  |b Mihrʹpūyān Navā,  |c [200-?] 
300 |a 1 sound disc :  |b digital ;  |c 4 3/4 in. 
500 |a Songs and instrumental music. 
546 |a Vocal works sung in Kurdish. 
500 |a Music by Keykhosro Pournazeri. 
511 0 |a Various musicians. 
500 |a Compact disc. 
505 0 |t Maloul gian --  |t Magira --  |t Dardeta lim --  |t Warana --  |t Doma kouch --  |t Gian gian --  |t Houra --  |t Hawaro lanki. 
650 0 |a Songs, Kurdish. 
650 0 |a Kurds  |v Music. 
710 2 |a Shams Ensemble. 
988 |a 20050620 
906 |0 MH